000 00606nam a2200181 a 4500
001 000007025
005 20200929154039.0
008 090904s2007 dr 000 0 spa d
020 _a9789945130416
040 _aDO-SdBNP
_bspa
_cBNPHU
082 _axxxx
_bB467c
100 1 _aBenítez, Johnny,
_d1967-
_919517
245 1 0 _aCómo salir de la depresión, el suicidio y las enfermedades /
_cJohnny Benítez.
260 _aSanto Domingo :
_b[s.n.],
_c2007.
300 _a126 p. ;
_c21 cm.
500 _aIncluye datos biográficos del autor
590 _aLa biblioteca posee un ejemplar autografíado por el autor
999 _c6809
_d6809